000 00744cam a22002292 4500
001 0000002414
005 20151217145728.0
008 070410s xx 000 0 eng d
020 _a087393217X :
040 _aKABU
_cKABU
050 0 _aHF5549
_b.M44
100 1 _aMegginson, Leon C.
_@0000151768
245 1 0 _aHuman resource management /
_cLeon C. Megginson, Geralyn McClure Franklin, M. Jane Byrd.
260 _aHouston, TX :
_bDame Publications,
_cc1995.
300 _av, 650 p. :
_bill. ;
_c29 cm.
650 0 _aPersonnel management.
_@0000150761
700 1 _aFranklin, Geralyn McClure.
_@0000151769
700 1 _aByrd, M. Jane.
_@0000151770
908 _a070410
950 _@1
999 _c1988
_d1988